LEADER 01459nam a2200325 i 4500 001 000000158207 003 CaOOAMICUS 005 20070201000000.0 008 070201s2006 it u000 u ita u 013 $a135570 020 $a88-311-5131-2 040 $aSeMil$bita 100 1 $aCocchiaro, Matilde.$0(OLS)http://semarc/name/41287 245 10$aNel deserto fiorisce la fraternità :$bUlisse Caglioni fra i musulmani /$cMatilde Cocchiaro ; prefazione di Henri Teissier. 260 $aRoma :$bCittà Nuova,$c2006. 300 $a139 p. ;$c20 cm. 490 0 $aVerso l'unità 500 $aDono del Card. Dionigi Tettamanzi. 600 14$aCaglioni, Ulisse .$0(OLS)http://semarc/subject/16868 650 4$aMovimento dei Focolari.$0(OLS)http://semarc/subject/5551 650 4$aCristianesimo e Islamismo.$0(OLS)http://semarc/subject/6971 700 1 $aTeissier, Henri,$c.$0(OLS)http://semarc/name/92482 830 0$aVerso l'unità.$0(OLS)http://semarc/title/22737 850 $aSeMil 852 $aSeMil$W1$xVenegono$y1$m3J II 356$j109864$B109864$CSeMilBibl$Z2$F121274 $81 941 1 $a5 961 $aOmaggio: Tettamanzi Card. Dionigi 996 $6020$a88-311-5131-2$9(OLS)http://semarc/number/73573 996 $6245$aNel deserto fiorisce la fraternità :$bUlisse Caglioni fra i musulmani$9(OLS)http://semarc/title/139485 996 $6260$aRoma :$bCittà Nuova$9(OLS)http://semarc/publisher/29609 LEADER 00954nam a2200205 i 4500 001 000000051161 003 CaOOAMICUS 005 20250128084816.0 008 130222s1726 xx u000 u lat u 013 $a22333 026 $ar-re o.ia e-a- cect (3) 1726 (R) 040 $aSeMil$bita 245 10$aPars 1. 300 $a[8], 740 p. 500 $aSegn.: A-4A? 773 0 $aMazuchelli, Oliviero$tTractatus de casibus reservatis in dioecesi Mediolanensi auctore Oliverio Mazuchello ... In duas partes divisus. Altera casuum reservatorum in communi, reservatorum altera in particulari. Cum indice notabilium in fine. ... Pars 1. [- 2.?].$bHac novissima editio à multis mendis expurgata ...$dMediolani : Apud Carolum Josephum Quintum, 1726.$g1$w()28089 850 $aSeMil 852 $aSeMil$W1$xVenegono$y1$m2F III 36 FA$j17316$B17316$CSeMilBibl$Z2$F17317 $8I 996 $6245$aPars 1$9(OLS)http://semarc/title/55907